|
|
|
|
| LEADER |
00000nab a2200000 a 4500 |
| 001 |
vtls009937350 |
| 003 |
SK-MaSNL |
| 005 |
20260303045028.0 |
| 008 |
090807c20090706xo mrzp 0 0slo |
| 038 |
|
|
|a RVGKPD
|
| 040 |
|
|
|a RVGKPD
|b slo
|c RVGKPD
|e AACR2
|
| 041 |
|
|
|a slo
|
| 044 |
|
|
|a xo
|c SK
|
| 080 |
|
|
|a 373.24
|2 1997
|
| 110 |
1 |
|
|a Kolektív MŠ Vajanského
|4 aut
|9 1034774
|
| 245 |
0 |
0 |
|a Deti hrou ku kultúre v MŠ
|c [autor]
|
| 610 |
2 |
7 |
|a Materská škola, Vajanského (Rožňava, Slovensko)
|2 rvgkpd
|9 102173
|
| 610 |
2 |
7 |
|a Jedna Európa, mnoho kultúr (projekt)
|2 rvgkpd
|9 1034775
|
| 650 |
0 |
7 |
|a projekty
|2 rvgkpd
|9 18866
|
| 651 |
|
7 |
|a Rožňava (Slovensko)
|2 rvgkpd
|9 17394
|
| 773 |
0 |
|
|t Rožňavské listy = Rozsnyói Lapok
|g Roč. III, č. 6 (6.7.2009), s. 3
|
| 852 |
|
|
|a RVGKPD
|b KIS3G
|
| 992 |
|
|
|a RBX
|
| 999 |
|
|
|c 1702313
|d 1704243
|